Normal view
MARC view
- Oksendal, Bernt , Oksendal , Bernt
Entry Personal Name
001 - CONTROL NUMBER
- control field: 63297
003 - CONTROL NUMBER IDENTIFIER
- control field: NUST
005 - DATE AND TIME OF LATEST TRANSACTION
- control field: 20210628203110.0
008 - FIXED-LENGTH DATA ELEMENTS
- fixed length control field: 210628|| aca||aabn | a|a d
040 ## - CATALOGING SOURCE
- Original cataloging agency: NUST
- Transcribing agency: NUST
100 ## - HEADING--PERSONAL NAME
- Personal name: Oksendal, Bernt , Oksendal , Bernt
670 ## - SOURCE DATA FOUND
- Source citation: Work cat.: (NUST): Oksendal, Bernt , Oksendal , Bernt, Stochastic differential equations , an introduction with applications, 2003
